Daring to fail: first-person stories of criminal justice reform
| Otros Autores: | |
|---|---|
| Tipo de documento: | Print Libro |
| Lenguaje: | Inglés |
| Publicado: |
New York, NY
Center for Court Innovation
2010
|
| En: | Año: 2010 |
| Acceso en línea: |
Índice Blurb (Publisher) |
| Disponibilidad en Tübingen: | Disponible en Tübingen. UB: KB 9 E 1940 |
| Verificar disponibilidad: | HBZ Gateway |
| Servicio de pedido Subito: | Pedir ahora. |
| Palabras clave: |
MARC
| LEADER | 00000cam a2200000 c 4500 | ||
|---|---|---|---|
| 001 | 1608494179 | ||
| 003 | DE-627 | ||
| 005 | 20220614133615.0 | ||
| 007 | tu | ||
| 008 | 110304s2010 xx ||||| 00| ||eng c | ||
| 020 | |a 0975950533 |9 0-9759505-3-3 | ||
| 035 | |a (DE-627)1608494179 | ||
| 035 | |a (DE-576)338300430 | ||
| 035 | |a (DE-599)BSZ338300430 | ||
| 035 | |a (OCoLC)712358863 | ||
| 040 | |a DE-627 |b ger |c DE-627 |e rakwb | ||
| 041 | |a eng | ||
| 245 | 0 | 0 | |a Daring to fail |b first-person stories of criminal justice reform |c Center for Court Innovation. Interviews coducted and ed. by: Aubrey Fox ... |
| 264 | 1 | |a New York, NY |b Center for Court Innovation |c 2010 | |
| 300 | |a 177 S. |b Ill. | ||
| 336 | |a Text |b txt |2 rdacontent | ||
| 337 | |a ohne Hilfsmittel zu benutzen |b n |2 rdamedia | ||
| 338 | |a Band |b nc |2 rdacarrier | ||
| 655 | 7 | |a Interview |0 (DE-588)4027503-6 |0 (DE-627)104767812 |0 (DE-576)208971211 |2 gnd-content | |
| 689 | 0 | 0 | |d g |0 (DE-588)4078704-7 |0 (DE-627)106076612 |0 (DE-576)209209682 |a USA |2 gnd |
| 689 | 0 | 1 | |d s |0 (DE-588)4183472-0 |0 (DE-627)105302465 |0 (DE-576)210018860 |a Strafjustiz |2 gnd |
| 689 | 0 | 2 | |d s |0 (DE-588)4115716-3 |0 (DE-627)10581220X |0 (DE-576)209495499 |a Reform |2 gnd |
| 689 | 0 | 3 | |d s |0 (DE-588)4016606-5 |0 (DE-627)106332627 |0 (DE-576)208916598 |a Fehler |2 gnd |
| 689 | 0 | |5 (DE-627) | |
| 700 | 1 | |a Fox, Aubrey |e Hrsg. |0 (DE-588)105951348X |0 (DE-627)798607262 |0 (DE-576)326717498 |4 edt | |
| 856 | 4 | 2 | |u https://swbplus.bsz-bw.de/bsz338300430inh.htm |m B:DE-576;DE-21 |q application/pdf |v 20110825162727 |x Verlag |3 Inhaltsverzeichnis |7 1 |
| 856 | 4 | 2 | |u https://swbplus.bsz-bw.de/bsz338300430kla.htm |m B:DE-576;DE-21 |q application/pdf |v 20110825162727 |x Verlag |3 Klappentext |7 1 |
| 951 | |a BO | ||
| ELC | |b 1 | ||
| LOK | |0 000 xxxxxcx a22 zn 4500 | ||
| LOK | |0 001 3136892348 | ||
| LOK | |0 003 DE-627 | ||
| LOK | |0 004 1608494179 | ||
| LOK | |0 005 20110729143915 | ||
| LOK | |0 008 110304||||||||||||||||ger||||||| | ||
| LOK | |0 040 |a DE-21 |c DE-627 |d DE-21 | ||
| LOK | |0 852 |a DE-21 | ||
| LOK | |0 852 1 |c KB 9 E 1940 |9 00 | ||
| LOK | |0 935 |a krim | ||
| LOK | |0 936ln |a k4.6.5 | ||
| LOK | |0 938 |a 1107 |f 34 | ||
| LOK | |0 939 |a 04-03-11 |b l01 | ||
| ORI | |a SA-MARC-krimdoka001.raw | ||
| SIG | |a UB: KB 9 E 1940 | ||
